Techniques of admissible recursion theory

Αποθηκεύτηκε σε:
Λεπτομέρειες βιβλιογραφικής εγγραφής
Κύριος συγγραφέας: Chong, C.-T. (Chi-Tat) 1949-
Μορφή: Βιβλίο
Γλώσσα:English
Δημοσίευση: Berlin : Springer-Verlag, 1984
Σειρά:Lecture notes in mathematics (Springer-Verlag) ; 1106
Θέματα:
Ετικέτες: Προσθήκη ετικέτας
Δεν υπάρχουν, Καταχωρήστε ετικέτα πρώτοι!

MARC

LEADER 00000nam a2200000 i 4500
001 1/62319
008 941103s1984 eng d
020 |a 3-540-13902-8 
035 |a 1993  |l 10046589 
040 |a GR-MY-UA  |b gre  |e aacr 
041 0 |a eng 
082 0 |a 511.3 
100 1 |a Chong, C.-T.  |q (Chi-Tat)  |d 1949- 
245 1 0 |a Techniques of admissible recursion theory /  |c C.T. Chong 
260 |a Berlin :   |b Springer-Verlag,   |c 1984 
300 |a vii, 214 p.;  |c 25 cm. 
490 1 |a Lecture notes in mathematics (Springer-Verlag)  |v ; 1106 
500 |a Includes bibliographical references and index 
650 0 0 |a Recursion theory. 
830 0 |a Lecture notes in mathematics (Springer-Verlag)  |v ; 1106 
852 |a INST  |b SAMOS  |e 19941103  |h 511.3 CHO  |p 005300006951  |q 005300006951  |t BK  |y 0 
909 |a Σ  |b 029007